01168nam a2200205Ia 4500008004100000041001200041082001600053100001800069245010300087260003300190300001000223650001600233700001800249942000700267999001500274952017100289952017100460952016000631952017100791221030s9999 xx 000 0 und d aEnglish a105.23bMot aS. N. Motewar 0aComputer Programming in Fortran - IV with C Introduction to BASICcby S. N. Motewar, S. Domkundwar bDhanpat Rai PubaDelhic1999 a18.30 aBE Computer aS. Domkundwar cBK c1280d1280 pBE 5436g40.00l0o105.23 Motr2024-06-13 00:00:00w2022-10-30yBK003Print4070aMIETLIBbMIETLIBcBL-Academic Block C, FL-2, CUP-107, SH-4, R-4d2002-06-1210HBE pBE 5437g40.00l0o105.23 Motr2024-06-13 00:00:00w2022-10-30yBK003Print4070aMIETLIBbMIETLIBcBL-Academic Block C, FL-2, CUP-107, SH-4, R-4d2002-06-1210HBE pBE 5433g40.00l0o105.23 Motr2024-06-13 00:00:00w2022-10-30yBK003Print4071aMIETLIBbMIETLIBcBL-Second, FL-1, CUP-54, SH-2, R-2d2002-06-1210HBE pBE 5434g40.00l0o105.23 Motr2024-06-13 00:00:00w2022-10-30yBK003Print4070aMIETLIBbMIETLIBcBL-Academic Blcok C, FL-2, CUP-107, SH-4, R-4d2002-06-1210HBE